Handbook on new anti-rape law : (Record no. 78493)
[ view plain ]
| 000 -LEADER | |
|---|---|
| fixed length control field | 00885nam a22002417a 4500 |
| 005 - DATE AND TIME OF LATEST TRANSACTION | |
| control field | 20130910122742.0 |
| 010 ## - LCCN (DPL NO) | |
| LC control number | ENG-108297 |
| 020 ## - INTERNATIONAL STANDARD BOOK NUMBER | |
| Terms of availability | 550.00 |
| International Standard Book Number | 9789350353264 |
| 035 ## - SYSTEM CONTROL NUMBER | |
| System control number | EN-91830 |
| 037 ## - SOURCE OF ACQUISITION | |
| Source of stock number/acquisition | DBAD/PUB |
| 082 ## - DEWEY DECIMAL CLASSIFICATION NUMBER | |
| Classification number | 345.5402532 |
| 100 ## - MAIN ENTRY--PERSONAL NAME | |
| Personal name | Das, P.K. |
| 245 ## - TITLE STATEMENT | |
| Title | Handbook on new anti-rape law : |
| Statement of responsibility, etc | by P.K. Das |
| Remainder of title | based on new criminal law amendment act, 2013 (13 of 2013) / |
| 246 ## - VARYING FORM OF TITLE | |
| Title proper/short title | Hand book on new anti-rape law |
| 246 ## - VARYING FORM OF TITLE | |
| Title proper/short title | New anti-rape law |
| 260 ## - PUBLICATION, DISTRIBUTION, ETC. (IMPRINT) | |
| Place of publication, distribution, etc | New Delhi |
| Name of publisher, distributor, etc | Universal Law Publishing |
| Date of publication, distribution, etc | 2013 |
| 270 ## - ADDRESS | |
| Address | C-FF-1A, Dilkhush Industrial Estate, (near Azadpur Metro Station) G.T. Karnal Road, |
| City | New Delhi |
| Postal code | 110033 |
| 300 ## - PHYSICAL DESCRIPTION | |
| Extent | xxix,472p. |
| Dimensions | 24cm(pbk) |
| 650 ## - SUBJECT ADDED ENTRY--TOPICAL TERM | |
| Topical term or geographic name as entry element | Rape |
| Geographic subdivision | India |x Trial practice. |
| 650 ## - SUBJECT ADDED ENTRY--TOPICAL TERM | |
| Topical term or geographic name as entry element | Criminal law |
| Geographic subdivision | India. |
| 650 ## - SUBJECT ADDED ENTRY--TOPICAL TERM | |
| Topical term or geographic name as entry element | Women |
| General subdivision | Legal status, laws, etc. |z India. |
| 942 ## - ADDED ENTRY ELEMENTS (KOHA) | |
| Source of classification or shelving scheme | Dewey Decimal Classification |
| Item type | English Books |
| Call number suffix | DAS |
| Classification part | 345.5402532 |
| Withdrawn status | Lost status | Not for loan | Collection code | Home library | Current library | Date acquired | Source of acquisition | Cost, normal purchase price | Full call number | Barcode | Copy number | Cost, replacement price | Koha item type |
|---|---|---|---|---|---|---|---|---|---|---|---|---|---|
| Not For Loan | Non-fiction | D.B.Act.Division | D.B.Act.Division | 08/08/2013 | DBAD/PUB | 550.00 | 345.5402532 DAS | EN-91830 | 1 | 550.00 | English Books |
